La Asamblea Legislativa en la perspectiva de la opinión ciudadana: 1997-1999 /
Guardado en:
| Hovedforfatter: | |
|---|---|
| Autores Corporativos: | , |
| Format: | Texto |
| Udgivet: |
San Salvador:
FUNDAUNGO
|
| Fag: | |
| Tags: |
Tilføj Tag
Ingen Tags, Vær først til at tagge denne postø!
|
MARC
| LEADER | 00000 a a2200000 04500 | ||
|---|---|---|---|
| 001 | 29280 | ||
| 003 | |||
| 040 | |||
| 020 | |a 99923-29-00-9 | ||
| 090 | |a 191400 | ||
| 100 | |a Cruz, José Miguel | ||
| 110 | |a Fundación Dr. Guillermo Manuel Ungo | ||
| 245 | |a La Asamblea Legislativa en la perspectiva de la opinión ciudadana: 1997-1999 / |c Fundación Dr. Guillermo Manuel Ungo | ||
| 260 | |a San Salvador: |b FUNDAUNGO | ||
| 300 | |a 110 p |b formularios | ||
| 650 | |a OPINION PUBLICA | ||
| 650 | |a PODER LEGISLATIVO | ||
| 650 | |a EVALUACION | ||
| 650 | |a GOBIERNO | ||
| 650 | |a ENTREVISTAS | ||
| 650 | |a PODER LEGISLATIVO | ||
| 710 | |a FUNDAUNGO |a Instituto Universitario de Opinion Pública |a IUDOP |a Fundación Friedrich Ebert | ||
| 999 | |c 5418 |d 5418 | ||



